[Event "Redbus KO"]
[Site "Southend"]
[Date "1999.04.02"]
[Round "1.1"]
[White "King, Daniel J"]
[Black "Pein, Malcolm"]
[Result "0-1"]
[WhiteElo "2506"]
[BlackElo "2425"]
[Annotator "Wedberg,T"]
[PlyCount "94"]
[EventDate "1999.04.??"]
[EventType "k.o."]
[EventRounds "4"]
[EventCountry "ENG"]
[SourceTitle "CBM 071"]
[Source "ChessBase"]
[SourceDate "1999.08.01"]
[SourceVersion "1"]
[SourceVersionDate "1999.08.01"]
[SourceQuality "1"]

1. e4 e5 2. Nf3 Nc6 3. Bb5 a6 4. Ba4 Nf6 5. O-O Be7 6. Re1 b5 7. Bb3 O-O 8. d4
d6 9. c3 Bg4 10. d5 Na5 11. Bc2 Qc8 {Black has a number of ways to carry out
the essential counter punch c7-c6. The idea behind the odd looking Q-move to
c8 is to be able to retreat the B to d7 without having to deal with} (11... c6
12. h3 {when} Bd7 {allows} 13. Nxe5 dxe5 14. d6 {which grants White a slight
advantage due to the pair of B:s.}) 12. h3 Bd7 13. Nbd2 c6 14. dxc6 ({The main
alternative is} 14. b4 Nb7 (14... Nc4 15. Nxc4 bxc4 $13 {Movsesian,S - Hansen,
LB/2.BL/1995-96/}) 15. dxc6 Qxc6 16. Bb2 Nd8 17. Bd3 Ne6 18. c4 Nf4 {Black has
solved the problem of the slightly misplaced N on a5 in a satisfactory way.} (
18... Qb7 19. a3 Rac8 20. Rc1 Nf4 21. Bb1 Rfe8 $132 {0-1 McShane,L-Hebden,M/
Hastings 1997/CBM 63/[Hansen,LB] (35)}) 19. Bf1 Qb6 $13 {0-1 Movsesian,
S-Sokolov,I/Pula 1997/CBM 57 ext/[Wedberg] (50)}) 14... Qxc6 (14... Bxc6 15.
Nf1 (15. b4 $5 Nb7 16. Nf1 Nd8 17. Ng3 Ne6 18. Bb3 $13) 15... Nc4 16. Ng3 g6
17. Qe2 Qb7 18. a4 Rfc8 19. b3 Nb6 20. a5 Nbd7 21. Bd2 d5 $1 $15 {Adams,
M-Ivanchuk,V/Linares/1997/}) 15. Nf1 Rac8 (15... Nc4 {is main line and
probably the move to recommend.} 16. Ng3 Rfe8 17. Nh2 (17. a4 Rac8 18. Bd3 $13
(18. axb5) (18. Ra2 $2 Be6 19. Ng5 Ne3 $17 {0-1 Yemelin,V-Solozhenkin,E/St
Petersburg 1998/CBM 65/[Solozhenkin] (39)})) 17... Rac8 18. Qf3 a5 19. a4 b4
20. cxb4 axb4 21. Bd3 d5 22. Ng4 $14 {1-0 Nevostrujev,V-Notkin,M/Maikop 1998/
CBM 66/[Hecht] (49)}) 16. Ng3 g6 (16... Rfe8 17. a4 Bd8 18. axb5 axb5 19. Qe2
Qb6 20. Bd3 Qb8 21. Bg5 Nb3 22. Rad1 h6 23. Be3 Nc5 24. Nh4 Nd5 25. exd5 Nxd3
26. Rxd3 Bxh4 $13 {1-0 Movsesian,S-Adams,M/Germany 1998/CBM 69/[Hecht] (93)}) (
16... b4 17. Nh4 g6 18. Bh6 Rfe8 19. Qf3 d5 20. exd5 Qxd5 21. Ne4 Nxe4 22. Bxe4
Qe6 23. Bd5 Qf6 24. cxb4 $16 {1-0 Schneider,L-Ornstein,A/SWE-ch 1989/EXT 97 
(33)}) 17. Bh6 {Here we see one of the negative aspects of not having played
Nc4. White can freely move Bc1.} (17. Re2 Nb7 18. Bg5 Rfd8 19. a4 Nc5 20. axb5
axb5 21. Rd2 Be8 22. Nh2 Ne6 23. Bh4 Rc7 24. Qf3 $14 {1-0 Vogt,L-Plachetka,J/
Trencianske Teplice 1979/MCD (37)}) 17... Rfe8 18. Rc1 Bf8 19. Qd2 Bg7 20. Qg5
({Quite tempting was} 20. Bxg7 {to soften the defence around the black K.} Kxg7
{and then to continue sharply with the standard jump} 21. Nf5+ $5 Bxf5 {
only move,} ({since} 21... gxf5 22. Qg5+ $18 {is disastrous.}) 22. exf5 Nc4 {
This is the counterattack that White must have feared, but boldly pushing
forward with} 23. Qg5 Nxb2 ({or} 23... h6 24. Qg3 Nh5 25. Qh4 Nxb2 26. fxg6
fxg6 27. Bxg6 $1 $40 {with nice attacking chances for White.}) 24. fxg6 hxg6 (
24... fxg6 25. Nh4 $40) 25. Nh4 (25. Bxg6 $6 fxg6 26. Nh4 Re6 27. Qxg6+ Kf8 $17
) 25... Nh7 26. Nf5+ Kg8 (26... Kh8 27. Qh6 Rg8 28. Ne7 $16) 27. Qh6 $1 {
gives White a winning attack.} gxf5 28. Bxf5 Nf8 29. Qg5+ Ng6 30. Bxg6 fxg6 31.
Qxg6+ Kf8 32. Qf6+ Kg8 33. Re3 $18 {So the verdict seems to be that White had
a very good chance to knock Black out with a direct attack. Perhaps Black
shouldn´t waste time on taking b2, but then there is absolutely no reason for
White not to go for the attack.}) 20... Bh8 $1 {[%mdl 256] By hiding the B on
h8 Black keeps control over the important black squares around the K. This
doesn´t mean that Black is safe yet, but is constitutes the best defensive
setup available in this risky situation.} 21. Qh4 Nc4 22. b3 $6 {This leads to
a weakness on c3 and loses time.} (22. Bg5 $1 d5 (22... Re6 23. Bb3 $14) 23.
Bxf6 $1 {this slightly surprising exchange is awkward for Black.} Qxf6 (23...
Bxf6 24. exd5 Qb6 25. Ng5 Bxg5 26. Qxg5 Nxb2 27. Nh5 $40) 24. Qxf6 Bxf6 25.
exd5 Nxb2 26. Ne4 $16) 22... Nb6 23. Bb1 (23. Bg5 d5 24. Bd3 $132) 23... Be6
24. Ng5 d5 $5 {Black counters in the centre. Classical chess strategy, but it
also opens up a lot of avenues for the White pieces.} 25. f4 $6 {White wants
to win on the K-side, but this only weakens his own position.} (25. exd5 Bxd5
26. N5e4 Nxe4 27. Bxe4 Bxe4 28. Nxe4 f5 $132) (25. Nxe6 Rxe6 26. exd5 Nfxd5 (
26... Nbxd5 27. Bf5 $1 $16) 27. Qg4 $13) 25... exf4 26. Qxf4 dxe4 27. Nxe6 Rxe6
28. Nxe4 Nbd5 $15 {Black is well centralized and without weaknesses. White´s
attacking chances are fading away.} 29. Qf2 Rce8 30. Nxf6+ Bxf6 31. Rxe6 Qxe6
32. c4 (32. Bd2 $142) 32... Nc3 $36 33. Bd3 Rd8 34. Re1 $2 {Under strain White
commits a losing error.} Bd4 $1 $19 35. Be3 Nd1 36. Bxd4 Nxf2 37. Rxe6 Nxh3+
38. gxh3 fxe6 39. Kf2 Rxd4 40. Ke3 Rh4 41. cxb5 Rxh3+ 42. Kd4 axb5 43. Bxb5 g5
44. b4 Ra3 45. Bc4 Kf7 46. b5 g4 47. b6 g3 0-1

[Event "Capablanca Memorial Elite 39th"]
[Site "Havana"]
[Date "2004.05.15"]
[Round "8"]
[White "Dominguez Perez, Leinier"]
[Black "Morovic Fernandez, Ivan"]
[Result "1-0"]
[WhiteElo "2612"]
[BlackElo "2583"]
[Annotator "Wedberg,T"]
[PlyCount "79"]
[EventDate "2004.05.06"]
[EventType "tourn"]
[EventRounds "11"]
[EventCountry "CUB"]
[EventCategory "13"]
[SourceTitle "CBM 101"]
[Source "ChessBase"]
[SourceDate "2004.07.27"]
[SourceVersion "1"]
[SourceVersionDate "2004.07.27"]
[SourceQuality "1"]

1. e4 e5 2. Nf3 Nc6 3. Bb5 a6 4. Ba4 Nf6 5. O-O Be7 6. Re1 b5 7. Bb3 d6 8. c3
O-O 9. d4 Bg4 10. Be3 {This is popular again due to Alexander Grischuks many
successes with the line.} exd4 11. cxd4 Na5 12. Bc2 c5 13. h3 Bxf3 14. Qxf3
cxd4 15. Bxd4 Nc6 (15... Rc8 16. Bb3 (16. Qd3 Nc6 17. Bc3 g6 18. Bb3 Nd7 19. a3
Nc5 20. Qd5 Nxb3 21. Qxb3 Bf6 22. Qd5 Bxc3 23. Nxc3 Qf6 24. Rad1 {1-0 Lanc,
A-Mrva,V/SVK 1997/EXT 98 (52). (51)}) 16... Nc6 17. Qd1 a5 18. Nc3 a4 19. Bd5
Nxd4 20. Qxd4 Qa5 21. a3 $1 Nd7 22. Qb4 $16 {1-0 Grischuk,A-Tkachiev,V/France
2003/CBM 95/[Wedberg] (59)}) 16. Qd3 {[%mdl 8] One point of this move is to
prevent Black from playing the freeing d5-move. Now Black can chose which of
White's B:s he wants to exchange.} (16. Be3 d5 (16... Rc8 17. Nc3 Ne5 18. Qe2
Nc4 19. Bb3 Nxe3 20. Qxe3 Nd7 21. Rad1 Nc5 22. e5 $16 {1-0 Grischuk,
A-Kasimdzhanov,R/playchess.com INT 2004/The Week in Chess 493 (70)}) 17. exd5
Qxd5 18. Nd2 Rad8 {1/2-1/2 Meyer,C-Hazai,L/Hamburg 1984/MCD (18)}) (16. Rd1
Nxd4 17. Rxd4 Qb6 18. Qd3 Rac8 19. Nc3 Rc4 20. Ne2 Rfc8 21. Bb3 Rxd4 22. Nxd4
$14 {1/2-1/2 Soderborg,B-Fred,A/Varna 1962/MCD (34)}) (16. Qd1 d5 $5 17. e5 Ne4
18. Bxe4 dxe4 19. Bc3 Qxd1 20. Rxd1 b4 21. Be1 Nxe5 $17 {0-1 Shomoev,
A-Kazhgaleyev,M/playchess.com INT 2004/The Week in Chess 493 (32)}) (16. Qe3 d5
17. e5 Ne4 18. Bxe4 dxe4 19. Bb6 Qb8 {1/2-1/2 Timoshenko,G-Tkachiev,V/Moscow
RUS 2004 (19)}) 16... Nb4 (16... d5 $2 17. Bxf6 Bxf6 18. e5 $18) (16... Nxd4
17. Qxd4 Rc8 18. Nc3 $14) 17. Qd2 Nxc2 18. Qxc2 Rc8 (18... d5 $5 19. e5 (19.
Bxf6 Bxf6 20. e5 Re8 $15) (19. Nc3 dxe4 20. Rad1 Qc7 $11) 19... Ne4 20. Nc3 Rc8
21. Qd3 Nxc3 22. Bxc3 Qd7 23. Rad1 b4 $13) 19. Qd3 Qa5 (19... d5 $5) 20. Nc3 b4
21. Ne2 Rfe8 $6 (21... d5 22. e5 Ne4 23. Nf4 $14) 22. Ng3 g6 23. Nf5 $1 {
[%mdl 512] A surprising sacrifice, but it works.} gxf5 24. Qg3+ Kf8 25. Qg5 Bd8
26. Bxf6 Bxf6 27. Qxf6 Qe5 28. Qh6+ Kg8 29. exf5 Qxf5 30. Qxd6 $16 a5 31. Rad1
Re6 32. Rxe6 Qxe6 33. Qd4 Re8 34. Rd3 Qe1+ 35. Kh2 Qe5+ 36. Rg3+ Kh8 37. Qc4
Qe6 38. Qf4 Rg8 39. Rxg8+ Kxg8 40. Qg4+ 1-0

[Event "FRA-chT poule haute"]
[Site "France"]
[Date "2003.05.10"]
[Round "11.1"]
[White "Grischuk, Alexander"]
[Black "Tkachiev, Vladislav"]
[Result "1-0"]
[WhiteElo "2712"]
[BlackElo "2642"]
[Annotator "Wedberg,T"]
[PlyCount "117"]
[EventDate "2003.05.07"]
[EventType "team"]
[EventRounds "4"]
[EventCountry "FRA"]
[SourceTitle "CBM 095"]
[Source "ChessBase"]
[SourceDate "2003.07.25"]
[SourceVersion "1"]
[SourceVersionDate "2003.07.25"]
[SourceQuality "1"]
[WhiteTeam "Paris NAO"]
[BlackTeam "Cannes"]
[WhiteTeamCountry "FRA"]
[BlackTeamCountry "FRA"]

1. e4 e5 2. Nf3 Nc6 3. Bb5 a6 4. Ba4 Nf6 5. O-O Be7 6. Re1 b5 7. Bb3 O-O 8. d4
d6 9. c3 Bg4 10. Be3 {Also played by Bobby Fischer in a famous encounter with
Viktor Kortschnoj in Stockholm Interzonal 1962.} exd4 11. cxd4 Na5 12. Bc2 c5 (
12... Nc4 13. Bc1 c5 14. b3 Na5 15. d5 Nd7 16. Nbd2 Bf6 17. Rb1 {was the start
of Fischer - Kortschnoj, Stockholm 1962 - Fischer won the game and the
tournament.}) 13. h3 Bxf3 14. Qxf3 cxd4 (14... Nc4 15. dxc5 dxc5 16. Nc3 Nd7
17. Bf4 (17. Nd5 Bg5 18. Bxg5 Qxg5 19. b3 Na3 20. Bd3 c4 21. bxc4 bxc4 22. Bb1
Qe5 $132 {0-1 Grischuk,A-Golod,V/Dos Hermanas 2003 (84)}) 17... Nde5 18. Bxe5
Nxe5 19. Qg3 Nc6 20. Rad1 Nd4 21. e5 $14 {1-0 Grischuk,A-Socko,B/4th IECC,
Istanbul TUR 2003 (50)}) 15. Bxd4 Rc8 (15... Nc6 16. Rd1 Nxd4 17. Rxd4 Qb6 18.
Qd3 Rac8 19. Nc3 Rc4 20. Ne2 Rfc8 21. Bb3 Rxd4 22. Nxd4 $14 {1/2-1/2 Soderborg,
B-Fred,A/Varna 1962/MCD (34)}) 16. Bb3 (16. Qd3 Nc6 17. Bc3 g6 18. Bb3 Nd7 19.
a3 Nc5 20. Qd5 Nxb3 21. Qxb3 Bf6 22. Qd5 Bxc3 23. Nxc3 Qf6 24. Rad1 $14 {
1-0 Lanc,A-Mrva,V/SVK 1997/EXT 98 (52). (51)}) 16... Nc6 17. Qd1 (17. Bc3 b4
$132) 17... a5 $6 {Dubious plan.} (17... Nxd4 $142 18. Qxd4 Ne8 $5 {[%cal
Ye7f6,Yf6b2]} (18... Nd7 19. Nc3 $14)) 18. Nc3 a4 19. Bd5 Nxd4 20. Qxd4 Qa5 21.
a3 $1 Nd7 22. Qb4 $16 {Gaining a P and refuting Black´s Q-side strategy.} Qxb4
23. axb4 Nb6 24. Nxb5 Rc2 25. b3 Bf6 26. Rab1 Nxd5 27. exd5 axb3 28. Rxb3 Be5
29. Na3 $5 {Grischuk gives back the P to get the b-P running.} (29. Rd1 $5 Ra8
30. Na3 Rc3 31. Rxc3 Bxc3 32. Nc2 Ra2 33. Ne3 $1 Kf8 (33... Bxb4 34. Rb1 Ra4
35. Nc2 $18) 34. Rb1 Bd4 35. b5 $16) 29... Rd2 30. Nc4 Rxd5 31. b5 Rb8 32. b6
Rc5 33. Nxe5 dxe5 34. Ra1 Kf8 35. Ra7 $1 (35. b7 Rd5 $8 36. Ra8 Rdd8 $11) 35...
Rc6 36. Rf3 f6 37. Rd3 Rcxb6 38. Rdd7 {An unusual ending. Equal P:s but still
problems to solve for Black.} g5 39. Rxh7 Kg8 40. Rhg7+ Kf8 $2 {An instructive
mistake.} (40... Kh8 {looks better. It´s not clear what White can do here.})
41. Raf7+ Ke8 42. Re7+ Kf8 43. Ref7+ Ke8 44. Rh7 $1 {[%mdl 4096] A very nice
move extending the short side. Black will now have to guard against mate from
both sides of the K.} Re6 45. Kh2 e4 46. Kg3 e3 47. Ra7 Kd8 $8 48. fxe3 Rxe3+
49. Kg4 Re5 50. Kh5 g4+ 51. Kxg4 Rb4+ 52. Kg3 Rb3+ 53. Kh2 Rb8 54. h4 Re4 55.
h5 f5 56. Rh8+ Re8 57. Rxe8+ Kxe8 58. h6 Rb6 59. h7 1-0

[Event "EU-ch 4th"]
[Site "Istanbul"]
[Date "2003.06.01"]
[Round "3"]
[White "Grischuk, Alexander"]
[Black "Socko, Bartosz"]
[Result "1-0"]
[WhiteElo "2701"]
[BlackElo "2577"]
[Annotator "Wedberg,T"]
[PlyCount "99"]
[EventDate "2003.05.30"]
[EventType "swiss"]
[EventRounds "13"]
[EventCountry "TUR"]
[SourceTitle "CBM 096"]
[Source "ChessBase"]
[SourceDate "2003.09.25"]
[SourceVersion "1"]
[SourceVersionDate "2003.09.25"]
[SourceQuality "1"]

1. e4 e5 2. Nf3 Nc6 3. Bb5 a6 4. Ba4 Nf6 5. O-O Be7 6. Re1 b5 7. Bb3 d6 8. c3
O-O 9. d4 Bg4 10. Be3 exd4 11. cxd4 Na5 12. Bc2 c5 13. h3 Bxf3 14. Qxf3 Nc4 ({
For} 14... cxd4 {see Grischuk - Tkachiev, France 2003.}) (14... Nc4 15. dxc5
dxc5 16. Nc3 Nd7 17. Bf4 (17. Nd5 Bg5 18. Bxg5 Qxg5 19. b3 Na3 20. Bd3 c4 21.
bxc4 bxc4 22. Bb1 Qe5 $132 {0-1 Grischuk,A-Golod,V/Dos Hermanas 2003 (84)})
17... Nde5 18. Bxe5 Nxe5 19. Qg3 Nc6 20. Rad1 Nd4 21. e5 $14 {1-0 Grischuk,
A-Socko,B/4th IECC, Istanbul TUR 2003 (50)}) 15. dxc5 dxc5 16. Nc3 Nd7 17. Bf4
{[%mdl 8]} (17. Nd5 Bg5 18. Bxg5 Qxg5 19. b3 Na3 20. Bd3 c4 21. bxc4 bxc4 22.
Bb1 Qe5 {0-1 Grischuk,A-Golod,V/Dos Hermanas 2003 (84) Wedberg}) 17... Nde5 (
17... Nxb2 $5 18. e5 $40) 18. Bxe5 Nxe5 19. Qg3 Nc6 20. Rad1 Nd4 21. e5 $14 {
White has the slightly better chances due to his domination in the centre and
the possibility to attack the black K.} Ra7 22. Ne2 Rd7 (22... Nxe2+ 23. Rxe2
Rd7 24. Ree1 $14) 23. Nxd4 Rxd4 24. Qe3 Kh8 (24... Rxd1 25. Rxd1 Qc7 26. e6 $40
) 25. f4 Qd7 26. Rxd4 Qxd4 27. Qxd4 cxd4 28. Kf2 Rc8 29. Bd3 {It´s opposite
coloured B:s, but White has all the play. As long as there are R:s on a draw
is not easy to achive for Black.} f6 30. exf6 Bxf6 31. Re6 Ra8 32. g4 h6 33.
Be4 Rd8 34. Ke2 d3+ 35. Bxd3 Bxb2 36. Rxa6 b4 37. h4 Kg8 38. Bg6 $1 {[%csl Rg8]
} Kf8 39. Re6 Bf6 40. g5 hxg5 41. hxg5 Be7 42. Re5 Rd6 43. Rf5+ Kg8 44. Bf7+
Kh7 45. Re5 Rd7 46. Re3 {Excellent technique by Grischuk.} g6 47. Re6 Kg7 48.
Bxg6 Bf8 49. Bc2 Bd6 50. Kf3 1-0

[Event "Dortmund 5th-8th"]
[Site "Dortmund"]
[Date "2004.07.29"]
[Round "1"]
[White "Naiditsch, Arkadij"]
[Black "Karjakin, Sergey"]
[Result "1-0"]
[WhiteElo "2574"]
[BlackElo "2591"]
[Annotator "Wedberg,T"]
[PlyCount "105"]
[EventDate "2004.07.29"]
[EventType "k.o."]
[EventRounds "4"]
[EventCountry "GER"]
[SourceTitle "CBM 103"]
[Source "ChessBase"]
[SourceDate "2004.11.11"]
[SourceVersion "1"]
[SourceVersionDate "2004.11.11"]
[SourceQuality "1"]

1. e4 e5 2. Nf3 Nc6 3. Bb5 a6 4. Ba4 Nf6 5. O-O Be7 6. Re1 b5 7. Bb3 d6 8. c3
O-O 9. d4 Bg4 10. Be3 exd4 11. cxd4 d5 12. e5 Ne4 13. Nc3 Nxc3 14. bxc3 Qd7 15.
h3 Bf5 16. Bg5 $146 {[%mdl 8] With this P-formation its clear that white's
chances are on the K-side. The question is just how to get started. Exchanging
the B on e7 seems like a reasonable alternative to playing an immediate g4. A
few exchanges wont diminish White's domination P-structure.} (16. g4 Bg6 17.
Nh2 (17. Nd2 Na5 18. f4 Nxb3 19. Nxb3 f5 20. Kh2 a5 21. Rg1 a4 22. Nc1 Ra6 23.
Ne2 Rc6 24. Bd2 Ba3 25. Qf1 b4 $36 {0-1 Formanek,E-Kovacs,L/Reggio Emilia 1977/
MCD (51)}) 17... Na5 18. Bc2 Bxc2 19. Qxc2 Nc4 20. Bf4 a5 21. Bg3 b4 22. Re2
Ra6 23. f4 Na3 24. Qd2 Rc6 $132 {0-1 Yurkov,V-Sokolov,A/Moscow 1978/EXT 2002 
(59)}) 16... Bxg5 17. Nxg5 Na5 (17... h6 18. Nf3 Na5 19. Nh4 Bh7 20. Qh5 $5 $36
{[%cal Yf2f4,Yf4f5]}) 18. g4 Nxb3 $6 {This looks premature. Now White gets to
improve his Q-side P-structure.} 19. axb3 Bg6 20. f4 Qe7 21. b4 $1 {[%csl Ra6]
Black is scrambling for counterplay after this blockading move.} f6 22. exf6
Qxf6 23. Ne6 Be4 24. f5 (24. Nxf8 Qxf4 {Is no fun for White.}) 24... Rfe8 25.
Qd2 h5 $2 {A mistake. Black had to defend c7. Probably Black over-estimated
his chances against the white K.} 26. Nxc7 $1 hxg4 27. Nxa8 Qh4 {[%cal Rh4g3]}
28. Re3 $1 Rxa8 29. Qe1 Qh5 30. Rxe4 $1 dxe4 31. Qxe4 Re8 32. hxg4 Qf7 33. Qf3
$18 {Two P:s up.} Qc4 34. Rf1 Qc7 35. Kg2 Qc4 36. g5 a5 37. f6 gxf6 38. gxf6
Kf8 39. Qg4 Re2+ 40. Kg1 Qg8 41. Qxg8+ Kxg8 42. bxa5 Ra2 43. Rf5 Rxa5 44. Kf2
Ra3 45. Rc5 Kf7 46. Rc6 Rb3 47. Ke2 b4 48. c4 Rh3 49. Kd2 b3 50. Rb6 Kg6 51. c5
b2 52. Kc2 Rh2+ 53. Kc3 1-0

[Event "Haninge"]
[Site "Haninge"]
[Date "1989.??.??"]
[Round "?"]
[White "Van der Wiel, John"]
[Black "Sokolov, Ivan"]
[Result "1-0"]
[WhiteElo "2560"]
[BlackElo "2580"]
[Annotator "Wedberg,T"]
[PlyCount "81"]
[EventDate "1989.??.??"]
[EventType "tourn"]
[EventRounds "11"]
[EventCountry "SWE"]
[EventCategory "13"]
[SourceTitle "CBM 013"]
[Source "ChessBase"]
[SourceDate "1989.12.01"]
[SourceVersion "1"]
[SourceVersionDate "1989.12.01"]
[SourceQuality "1"]

1. e4 {Ftacnik} e5 2. Nf3 Nc6 3. Bb5 a6 4. Ba4 Nf6 5. O-O Be7 6. Re1 b5 7. Bb3
O-O 8. d4 {Avoiding Sokolov's favourite Marshall-attack.} d6 9. c3 Bg4 10. d5 (
10. Be3 exd4 11. cxd4 Na5 12. Bc2 c5 13. dxc5 dxc5 14. Nbd2 Re8 15. h3 Bh5 16.
g4 $6 Bg6 17. Nh2 Bf8 18. f3 Qd6 19. Nhf1 Rad8 20. a4 Nc6 21. axb5 axb5 22. Ra6
c4 $15 {Mortensen,E-Hellers,F, Malmo 1989.}) 10... Na5 11. Bc2 Qc8 {A
strange-looking move. But if Black doesn't want to play Bf3 or Bc8 in answer
to 11.h3 he has to play this way.} (11... c6 12. h3 Bd7 $2 13. Nxe5 $1 dxe5 14.
d6 $14) 12. h3 Bd7 13. Nbd2 c6 14. b4 Nb7 15. dxc6 Bxc6 (15... Qxc6 16. Bb2 Nd8
17. Rc1 (17. Bd3 {Ftacnik} Ne6 18. c4 Qb7 19. a3 Nf4 $15 {Tseshkovsky,
V-Romanishin,O Tallinn (m) 1979}) 17... Ne6 18. Bb1 {/\ Pc4 []}) 16. Nf1 Re8 (
16... Nd8 {Ftacnik} 17. Ng3 Ne6 18. Bb3 Rd8 19. Qe2 Ra7 20. Ng5 d5 $14 {
Khalifman-Beliavsky, USSR(ch) 1988}) 17. Ng3 h6 $6 {Dubious. The normal
reaction to Ng3 is Pg6.} (17... g6 {Ftacnik} 18. Bb3) 18. Nh4 $1 {Allowing
Black to take on e4. But Van der Wiel has it all neatly calculated.} (18. Nf5 {
Ftacnik} Bf8 $13) 18... Nxe4 19. Rxe4 $1 (19. Nxe4 {Ftacnik} Bxh4 20. Nxd6 Nxd6
21. Qxd6 Qb7 $15) (19. Bxe4 {Ftacnik} Bxh4 20. Bxc6 Qxc6 21. Nf5 (21. Bxh6 Bxg3
22. Qg4 Bxf2+ 23. Kxf2 g6 $17) 21... Bf6 (21... Bg5 22. Qg4 {P h4}) 22. Qg4 Kh7
$13) 19... Bxe4 20. Bxe4 Bxh4 21. Nf5 d5 $6 {Sokolov was not happy with this
move after the game. Its a try for activity that fails.} (21... Bf6 22. Qf3 (
22. Qg4 {Ftacnik} g6 23. Nxh6+ Kg7 24. Qf3 $40) 22... Rb8 23. Nxh6+ gxh6 24.
Qxf6 Qe6 25. Qf3 Nd8 $13 {Now Black intends to regroup with Kg7, Qf6 and Ne6.
But White always has at least a draw with Qg3-h4-g3.}) (21... Be7 {Ftacnik} 22.
Qg4 g6 23. Nxh6+ Kh7 24. Qf3) (21... Bg5 $1 {Ftacnik} 22. Qg4 g6 (22... Qxc3
23. Bxg5 (23. Rb1) 23... Qxa1+ 24. Kh2 hxg5 25. Qxg5 g6 26. Qh6 gxf5 27. Bxf5
f6 $10) 23. Bxg5 hxg5 24. Nh6+ Kg7 (24... Kf8 25. Qf3 Re7 26. Qf6 $40) 25. Qxg5
Qd8 $1 26. Nf5+ Kg8 27. Nh6+ (27. Qh6 gxf5 (27... Qf6 28. Bxb7 Qxf5 $10) 28.
Bxf5 Qc7 29. Bh7+) (27. Qg4 Qf6 $13) 27... Kf8 (27... Kg7 $10) 28. Qxd8 Rexd8
29. Bxb7 Ra7 30. Bd5 f5 31. g4 Kg7 32. g5 Rc8 33. a4 $1 $16) 22. Qg4 Bg5 (22...
g6 {Ftacnik} 23. Nxh6+ Kg7 24. Qxh4 dxe4 25. Ng4 $18) 23. Bxg5 hxg5 (23... dxe4
{Ftacnik} 24. Bf6 g6 25. Nxh6+ Kf8 26. Qh4 $1 Re6 27. Nf5 Ke8 28. Rd1 Nd6 29.
Rxd6 $18) (23... h5 {Ftacnik} 24. Qxh5 dxe4 25. Bf6 $1 $18) 24. Qxg5 g6 25.
Nh6+ Kf8 (25... Kg7 {Ftacnik} 26. Ng4 Re6 (26... Rh8 27. Qf6+ Kg8 28. Bxd5 $18)
27. Bxd5 $18) 26. Bxg6 (26. Bxd5 $1 {This position hardly needs to be analysed.
Just from looking at it you can see that White has an overwhelming game.} Qd8
27. Qxd8 (27. Qd2 $5 Rb8 (27... f5 28. Nxf5 $1 gxf5 29. Qh6+ Ke7 30. Qe6+) (
27... f6 28. Ng4 g5 29. Rd1 {/\ Qc2 ~/=}) 28. Nxf7 Qd7 29. Rd1 $40) 27... Raxd8
(27... Rexd8 {Ftacnik} 28. Bxb7 Ra7 29. Bf3 f5 30. g4 Kg7 31. g5 Rd3 32. Kg2
Rxc3 $13) 28. Bxb7 f5 29. Bxa6 Kg7 30. Bxb5 Re7 31. Bc6 Kxh6 32. a4 $18) 26...
Qd8 (26... fxg6 $4 27. Qf6#) (26... Re6 {Ftacnik} 27. Bf5 Nd8 28. Rd1 $18) 27.
Qg4 Qf6 (27... fxg6 28. Qxg6 Nd6 29. Rd1 d4 (29... Ke7 {Ftacnik} 30. Rxd5 $18)
30. f4 {White opens the centre and mates Blacks K without problems.} (30. cxd4
e4 31. Qg8+ Ke7 32. Qg7+ Ke6 33. d5# {Van der Wiel})) (27... Re6 {Ftacnik} 28.
Nxf7 Qf6 (28... Qe7 29. Nh6 $18) 29. Ng5 $18) 28. Bxf7 Qxh6 29. Qg8+ (29. Bxd5
$1 {Ftacnik} Ra7 (29... Nd6 30. Bxa8 Rxa8 31. Qf3+ $18) (29... Qh7 30. Qf3+ Ke7
31. Bxb7 $18) 30. Qg8+ Ke7 31. Qf7+ Kd8 32. Rd1 $1 (32. Bxb7 Qd2) 32... Qd6 33.
Bf3 $18) 29... Ke7 30. Bxe8 Rxe8 (30... Nd6 {Ftacnik} 31. Qxd5 Rxe8) 31. Qxd5
Nd6 32. Qxe5+ Kf8 (32... Kd7 {Ftacnik} 33. Qc5 $16) 33. Qd4 {The turmoil is
over. Its probably +/- with 4 Ps for the N. But Black has chances if he can
organize something against the white K.} Re4 $6 {Giving away another P for
nothing. Nf7 or Nc4 would be more to the point.} (33... Re2 {Ftacnik} 34. Qb6
Qe6) 34. Qb6 Qe6 (34... Nf5 {Ftacnik} 35. Qxh6+ (35. Qc5+ Ne7) 35... Nxh6 36.
a4 $16) 35. Qxa6 Re1+ 36. Rxe1 Qxe1+ 37. Kh2 Ne4 (37... Qe5+ 38. g3 Ne4 39.
Qh6+ (39. c4 $2 Qd4) 39... Kf7 (39... Ke7 {Ftacnik} 40. Qe3 Kd6 (40... Ke6 41.
f4 Qd5 42. h4 Kf5 $1 $13) 41. f4 Qd5 (41... Qe6 $5) 42. Qd4 $1 Qxd4 43. cxd4
Nc3 44. h4 Nxa2 45. h5 $18) 40. Qe3 $18) 38. Qe6 $1 Qb1 39. f3 (39. Qf5+ {
Ftacnik} Kg7 40. f3 Qh1+ $3 41. Kxh1 Ng3+ $16) 39... Nf2 40. Qc8+ Kf7 41. Qb7+
{(Tom Wedberg)} 1-0